[Event "ROM-ch U12"]
[Site "Calimanesti"]
[Date "2018.04.01"]
[Round "7"]
[White "Visoiu, Stefan Alexandru"]
[Black "Paraschiv, Alexandru Stefan"]
[Result "1-0"]
[WhiteElo "1379"]
[BlackElo "1125"]
[PlyCount "85"]
[EventDate "2018.03.27"]
[EventType "swiss"]
[EventRounds "9"]
[EventCountry "ROU"]
[SourceTitle "CBM 183 Extra"]
[Source "ChessBase"]
[SourceDate "2018.04.19"]
[SourceVersion "1"]
[SourceVersionDate "2018.04.19"]
[SourceQuality "1"]

1. e4 c5 2. d4 cxd4 3. c3 d3 4. Bxd3 Nc6 5. Ne2 e6 6. 0-0 Nf6 7. Bg5 Be7 8. Nd2 0-0 9. Nb3 d5 10. Bxf6 Bxf6 11. exd5 exd5 12. Nf4 d4 13. cxd4 Nxd4 14. Be4 Qb6 15. Nd5 Qe6 16. Nxf6+ Qxf6 17. Qxd4 Qg5 18. Rac1 Rd8 19. Qc5 Qg4 20. Qe7 Rf8 21. Bxb7 Bxb7 22. Qxb7 Qe2 23. Nd4 Qd2 24. Rfd1 Qa5 25. Qb3 Rab8 26. Qa3 Qb6 27. Rc2 h6 28. h3 Rfd8 29. Rcd2 Rb7 30. Nf3 Rf8 31. Qe3 Qf6 32. Qe5 Qb6 33. Rd7 Qxb2 34. Qxb2 Rxb2 35. Rxa7 Kh7 36. Rdd7 Kg8 37. Ne5 Rb1+ 38. Kh2 Re1 39. Nxf7 Re2 40. Nxh6+ gxh6 41. Rg7+ Kh8 42. Rh7+ Kg8 43. Rag7# 1-0

[Event "ROM-ch U12"]
[Site "Calimanesti"]
[Date "2018.03.31"]
[Round "6"]
[White "Sida, Flavius Ovidiu"]
[Black "Visoiu, Stefan Alexandru"]
[Result "1/2-1/2"]
[WhiteElo "1221"]
[BlackElo "1379"]
[PlyCount "83"]
[EventDate "2018.03.27"]
[EventType "swiss"]
[EventRounds "9"]
[EventCountry "ROU"]
[SourceTitle "CBM 183 Extra"]
[Source "ChessBase"]
[SourceDate "2018.04.19"]
[SourceVersion "1"]
[SourceVersionDate "2018.04.19"]
[SourceQuality "1"]

1. d4 d6 2. c4 Nf6 3. Nc3 g6 4. Nf3 Bg7 5. e4 Bg4 6. Be2 c6 7. 0-0 0-0 8. h3 Bxf3 9. Bxf3 Nbd7 10. Bf4 e5 11. dxe5 dxe5 12. Bg5 Qc7 13. Qc2 Rab8 14. Rac1 Rfc8 15. Qe2 Nb6 16. Rfd1 Rd8 17. b3 Rd4 18. Rd2 Rxd2 19. Qxd2 Rd8 20. Qe3 Rd7 21. Rd1 Rxd1+ 22. Bxd1 Qd7 23. Qf3 Qd6 24. Bc2 Nfd7 25. Be3 f6 26. Bxb6 Nxb6 27. Qe3 Qd4 28. Nd1 Kf7 29. Qc3 Qxc3 30. Nxc3 Ke6 31. Kf1 f5 32. Ke2 f4 33. Kf3 h5 34. c5 Nd7 35. b4 Nf6 36. Ke2 g5 37. f3 g4 38. b5 gxf3+ 39. gxf3 Kd7 40. bxc6+ bxc6 41. Na4 Bf8 42. Bb3 1/2-1/2

[Event "EU-ch U12 27th"]
[Site "Mamaia"]
[Date "2017.09.07"]
[Round "3"]
[White "Theocharous, Vassilis"]
[Black "Visoiu, Stefan Alexandru"]
[Result "0-1"]
[WhiteElo "1315"]
[BlackElo "1540"]
[PlyCount "62"]
[EventDate "2017.09.05"]
[EventType "swiss"]
[EventRounds "9"]
[EventCountry "ROU"]
[SourceTitle "CBM 180 Extra"]
[Source "ChessBase"]
[SourceDate "2017.10.06"]
[SourceVersion "1"]
[SourceVersionDate "2017.10.06"]
[SourceQuality "1"]

1. d4 d6 2. Nf3 Nf6 3. e3 g6 4. Bd3 Bg4 5. h3 Bxf3 6. Qxf3 c6 7. c3 Bg7 8. Nd2 Nbd7 9. 0-0 0-0 10. Re1 e5 11. e4 b5 12. b3 Qb6 13. Bb2 a5 14. Qe3 a4 15. Rab1 a3 16. Ba1 Nh5 17. Nf3 Rfe8 18. c4 b4 19. d5 Qxe3 20. Rxe3 c5 21. Rd1 Re7 22. Rde1 Rf8 23. Bc2 Bh6 24. Rd3 f5 25. Rdd1 f4 26. Kf1 Rg7 27. Ke2 Nhf6 28. Kd3 g5 29. Rh1 Kh8 30. Nd2 Rg6 31. f3 Rfg8 0-1